Những bí ẩn về cựu hoàng Duy Tân

Salvato in:
Dettagli Bibliografici
Autore principale: Nguyễn Đắc Xuân
Natura: Libro
Lingua:Undetermined
Pubblicazione: Huế Thuận Hóa 1998
Soggetti:
Tags: Aggiungi Tag
Nessun Tag, puoi essere il primo ad aggiungerne! !
Thư viện lưu trữ: Trung tâm Học liệu Trường Đại học Cần Thơ
LEADER 00500nam a2200169Ia 4500
001 CTU_25296
008 210402s9999 xx 000 0 und d
082 |a 959.7092 
082 |b X502nb 
100 |a Nguyễn Đắc Xuân 
245 0 |a Những bí ẩn về cựu hoàng Duy Tân 
245 0 |c Nguyễn Đắc Xuân 
260 |a Huế 
260 |b Thuận Hóa 
260 |c 1998 
650 |a vietnam - history 
980 |a Trung tâm Học liệu Trường Đại học Cần Thơ